Química analítica

Saved in:
Bibliografiske detaljer
Hovedforfatter: Hall, William T (Author)
Format: Bog
Sprog:spansk
Udgivet: Ciudad de México UTEHA 1948
Fag:
Tags: Tilføj Tag
Ingen Tags, Vær først til at tagge denne postø!

MARC

LEADER 00000nam a2200000 a 4500
001 UCT1495
003 CL-VaPUC
008 960927e19480000MX |||||||||||||||||spa|d
082 0 4 |a 543  |b HAL  |2 21 
100 0 |a Hall, William T  |e author  |9 370404 
245 1 0 |a Química analítica 
300 |a 2 v 
942 |c BK 
945 |d 19960927 00:00:00  |a paguirre 
260 |a Ciudad de México  |b UTEHA  |c 1948 
500 |a v.1: Análisis cualitativo 
500 |a v.2: Análisis cuantitativo 
650 0 |a Química analítica  |9 259648 
650 7 |a CATIONES  |2 CL-VaPUC  |9 370405 
650 0 |a Reacciones químicas  |9 259438 
650 7 |a EQUILIBRIOS QUIMICOS  |2 CL-VaPUC  |9 336637 
650 0 |a Aniones   |9 344792 
650 7 |a INTERCAMBIO IONICO  |2 CL-VaPUC  |9 370407 
650 0 |a Gases  |9 260945 
583 |a last modification  |c 19960927 00:00:00  |k Rodrigo Vera 
999 |c 252003  |d 252001 
952 |0 0  |1 0  |4 0  |6 543_000000000000000_HAL_1948  |7 0  |8 A  |9 271574  |a BIBCUR  |b BIBCUR  |d 2019-11-19  |h v.1  |i 1750488  |l 1  |o 543 HAL 1948  |p 1750488  |r 2025-04-22  |s 2023-11-15  |w 2019-11-19  |y BK  |k BCB 
952 |0 0  |1 0  |4 0  |6 543_000000000000000_HAL_1948  |7 0  |8 A  |9 271575  |a BIBCUR  |b BIBCUR  |d 2019-11-19  |h v.2  |i 1750496  |l 1  |o 543 HAL 1948  |p 1750496  |r 2025-04-22  |s 2023-11-17  |w 2019-11-19  |y BK  |k BCB